Score 0/15 Timer 04:00
0 Plays Today
scrambled word answer % Correct
OLOPPool
98.6%
PLIF URNTFlip Turn
97.3%
LAYER CARERelay Race
85.9%
TREFLBUTYButterfly
84.6%
SELOGGGGoggles
83.2%
DROLW CORDERWorld Record
80.7%
RAKM PTISZMark Spitz
79.3%
WIMITUSSSwimsuit
79.2%
scrambled word answer % Correct
LACEHIM SPLEHPMichael Phelps
75.3%
KATESBROCKBackstroke
70.8%
STEELYREFFreestyle
70.6%
TRUFELT CIKKFlutter Kick
67.8%
TEREMSMeters
67%
ABEERKORSSTTBreaststroke
62.4%
ADIDILINUV YELMEDIndividual Medley
57.7%

You're not logged in!

Compare scores with friends on all Sporcle quizzes.
OR
Log In

Sporcle TV

Today on Sporcle TV


Watch our educational content, quiz creation guides, and fun videos on Sporcle TV.

Show Comments

Extras

Top Quizzes Today


Score Distribution

Paid Content

Your Account Isn't Verified!

In order to create a playlist on Sporcle, you need to verify the email address you used during registration. Go to your Sporcle Settings to finish the process.

Report this User

Report this user for behavior that violates our Community Guidelines.

Details: